000 00370 a2200109 4500
001 ART_36745
005 20260410162005.0
008 260409a
245 1 0 _aEl nuevo Código Civil y Comercial de la Nación y la lex mercatoria
100 1 _aFeldstein de Cárdenas, Sara L.
773 0 _tTemas de derecho civil
_g- Año 2, Nº 2 (feb. 2016)
_wREV34778
999 _c31614
_d31614